|
|
|
|
| LEADER |
01056nam a2200265 4500 |
| 001 |
c000378214 |
| 003 |
CARM |
| 005 |
00000000000000.0 |
| 008 |
740213s1971 at a s 00000 eng |
| 015 |
|
|
|a Aus***
|
| 019 |
1 |
|
|a 2317879
|z 58054766
|5 LACONCORD2021
|
| 035 |
|
|
|a (OCoLC)828896
|5 LACONCORD2021
|
| 043 |
|
|
|a ee-----
|a u-at---
|
| 050 |
0 |
0 |
|a HF3948.E8
|b A94 1971
|
| 082 |
0 |
0 |
|a 382/.0994/047
|
| 110 |
1 |
0 |
|a Australia.
|b Trade Publicity Branch.
|
| 245 |
1 |
0 |
|a Trading opportunities: Hungary, Romania, Bulgaria, Yugoslavia.
|b Australian Trade Survey Mission report, April - May 1971.
|
| 260 |
|
|
|a [Melbourne,
|c 1971]
|
| 300 |
|
|
|a 40 p.
|b illus.
|c 26 cm.
|
| 610 |
1 |
0 |
|a Australia
|x Commerce
|z Europe, Eastern.
|
| 651 |
|
0 |
|a Europe, Eastern
|x Commerce
|z Australia.
|
| 651 |
|
0 |
|a Europe, Eastern
|x Economic conditions
|y 1945-1989
|
| 852 |
8 |
|
|b CARM
|h A1:AM25D0
|i F03055
|p 0426401
|f BK
|
| 999 |
f |
f |
|i 2b8f5e11-59d0-52ae-bc7d-6c71aee18588
|s 3083388e-e4ba-51e0-8ecc-1bdc2e27b70d
|
| 952 |
f |
f |
|p Can circulate
|a CAVAL
|b CAVAL
|c CAVAL
|d CARM 1 Store
|e F03055
|f A1:AM25D0
|h Other scheme
|i book
|m 0426401
|